000 00673nam a2200217 a 4500
001 000012111
005 20200929162711.0
008 091104s1994 sp a 000 0bspa d
020 _a8420646555
040 _aDO-SdBNP
_bspa
_dBNPHU
082 _a927.5
_bD143S
100 1 _aSánchez Vidal, Agustín,
_d1948-
_928621
245 1 0 _aDalí /
_cAgustín Sánchez Vidal.
260 _aMadrid :
_bAlianza,
_c1994.
300 _a64, VIII p. :
_bil. ;
_c15 cm.
490 1 _aAlianza cien
_v55
500 _aLibro de bolsillo
600 1 0 _aDALÍ, SALVADOR,
_d1904-1989
_vBIOGRAFÍA
_928622
650 4 _aPintores españoles
_vBIOGRAFÍAS
_914281
830 0 _aAlianza cien ;
_v55
_912832
999 _c11776
_d11776